Enterprice Resource Planning : (Record no. 22104)
[ view plain ]
| 000 -LEADER | |
|---|---|
| fixed length control field | 00541nam a22001937a 4500 |
| 003 - CONTROL NUMBER IDENTIFIER | |
| control field | IBSLLIB |
| 005 - DATE AND TIME OF LATEST TRANSACTION | |
| control field | 20260511103320.0 |
| 008 - FIXED-LENGTH DATA ELEMENTS--GENERAL INFORMATION | |
| fixed length control field | 260511b |||||||| |||| 00| 0 eng d |
| 020 ## - INTERNATIONAL STANDARD BOOK NUMBER | |
| International Standard Book Number | 8120314360 |
| 040 ## - CATALOGING SOURCE | |
| Original cataloging agency | IBSLLIB |
| Language of cataloging | English |
| 041 ## - LANGUAGE CODE | |
| Language code of original | Eng |
| 082 ## - DEWEY DECIMAL CLASSIFICATION NUMBER | |
| Classification number | 658.4 |
| Item number | GAR |
| 100 ## - MAIN ENTRY--PERSONAL NAME | |
| Personal name | Garg , Kumar Vinod |
| 245 ## - TITLE STATEMENT | |
| Title | Enterprice Resource Planning : |
| Remainder of title | Concepts and Practice |
| 260 ## - PUBLICATION, DISTRIBUTION, ETC. (IMPRINT) | |
| Place of publication, distribution, etc. | Delhi : |
| Name of publisher, distributor, etc. | Prentice hall of India private Limited , |
| Date of publication, distribution, etc. | 1999 |
| 300 ## - PHYSICAL DESCRIPTION | |
| Extent | 153 p ; |
| Dimensions | 24 cm |
| 700 ## - ADDED ENTRY--PERSONAL NAME | |
| Personal name | Venkitakrishnan , N.K. |
| Relator term | Coo Author |
| 942 ## - ADDED ENTRY ELEMENTS (KOHA) | |
| Koha item type | Lending Book |
| Withdrawn status | Lost status | Damaged status | Not for loan | Collection code | Permanent Location | Current Location | Shelving location | Date acquired | Source of acquisition | Inventory number | Full call number | Barcode | Koha item type |
|---|---|---|---|---|---|---|---|---|---|---|---|---|---|
| Lending Collection | IBSL Library | IBSL Library | Lending Section | 30/04/2026 | Donations | 10879 | 658.4 GAR | 10879 | Lending Book |
